[Event "MEX Nacional op"]
[Site "Pachuca"]
[Date "2003.04.17"]
[Round "3"]
[White "Miranda, Ponce Alvaro"]
[Black "Blanco Fernandez, Alvaro"]
[Result "0-1"]
[WhiteElo "2220"]
[BlackElo "2390"]
[PlyCount "132"]
[EventDate "2003.04.15"]
[EventType "swiss"]
[EventRounds "9"]
[EventCountry "MEX"]
[SourceTitle "CBM 093 Extra"]
[Source "ChessBase"]
[SourceDate "2003.05.09"]
[SourceVersion "1"]
[SourceVersionDate "2003.05.09"]
[SourceQuality "1"]

1. e4 c5 2. d3 Nc6 3. g3 e6 4. Bg2 d5 5. Nc3 d4 6. Nce2 e5 7. f4 f6 8. Nf3 Bd6 9. f5 g5 10. g4 h5 11. gxh5 Rxh5 12. Ng3 Rh7 13. h4 gxh4 14. Rxh4 Qe7 15. Kf2 Bd7 16. Qh1 Rxh4 17. Qxh4 0-0-0 18. a3 Kb8 19. Bd2 Bc7 20. Rh1 b5 21. Qg4 Qf7 22. b3 c4 23. bxc4 bxc4 24. Qg6 Qf8 25. Rh8 Nce7 26. Qh7 c3 27. Bc1 Ba4 28. Ne1 Qe8 29. Bf3 Qb5 30. Ke2 Qb1 31. Kd1 Bd6 32. Bh5 Bxa3 33. Ne2 Bxc1 34. Nxc1 Be8 35. Bg4 Qb6 36. Rxg8 Nxg8 37. Qxg8 Bh5 38. Qg7 Bxg4+ 39. Qxg4 a5 40. Qg7 a4 41. Qf7 Rh8 42. Qc4 Rh2 43. Qg8+ Ka7 44. Qf7+ Ka6 45. Qc4+ Qb5 46. Qc8+ Qb7 47. Qc4+ Kb6 48. Qb4+ Kc7 49. Qe7+ Kb8 50. Qe8+ Qc8 51. Qb5+ Kc7 52. Na2 Qb7 53. Qc4+ Qc6 54. Qf7+ Qd7 55. Qxf6 Qd6 56. Qf7+ Kb6 57. Nf3 Rf2 58. Qe6 Kc7 59. Nxe5 Qxe6 60. fxe6 Kd6 61. e7 Kxe7 62. Nc6+ Kd6 63. Nxd4 Kc5 64. Nf5 Rf1+ 65. Ke2 Ra1 66. Nxc3 a3 0-1